जटायू (Record no. 368190)

MARC details
000 -LEADER
fixed length control field 00320nam a2200133Ia 4500
005 - DATE AND TIME OF LATEST TRANSACTION
control field 20251013221640.0
008 - FIXED-LENGTH DATA ELEMENTS--GENERAL INFORMATION
fixed length control field 251010s9999 xx 000 0 und d
041 ## - LANGUAGE CODE
Language code of text/sound track or separate title mar
100 ## - MAIN ENTRY--PERSONAL NAME
Personal name पुरंदर सु.
9 (RLIN) 213939
245 ## - TITLE STATEMENT
Title जटायू
250 ## - EDITION STATEMENT
Edition statement 1ST
260 ## - PUBLICATION, DISTRIBUTION, ETC. (IMPRINT)
Name of publisher, distributor, etc. Shree Vishakha
Date of publication, distribution, etc. 1978
300 ## - PHYSICAL DESCRIPTION
Extent 120
Holdings
Withdrawn status Lost status Damaged status Not for loan Home library Current library Date acquired Cost, normal purchase price Total Checkouts Barcode Date last seen Bill Date Koha item type Original Barcode
        Shri Siddhivinayak Mahila Mahavidyalaya Shri Siddhivinayak Mahila Mahavidyalaya 30/04/2014 9.00   SSMM-ABK-010000194 13/10/2025 28/01/1994 Books ABK010000194